01208nam a2200265 a 450000100100000000500170001000800410002702000150006804000250008308200200010810000500012824500660017826000470024430000270029159000640031859000280038265000280041065000310043870000470046991000420051695201290055895201170068795201230080499900150092700000969020240412074212.0091001s1999 xxua r 000 p spa d a1887691138 aDO-SdBNPbspacBNPHU aRD861.44bA185d1 aAcosta Polanco, José Alberto,d1964-92433910aDestrucciones /cJosé Acosta ; prólogo Viriato Sención. aSanto Domingo :bEdiciones Alcance,c1999. a67 p. :bil. ;c22 cm. aPremio Internacional de Poesía "Odón Betanzos Palacios" aInventariado, 2019 / DG 0aPoesía dominicana966 0aLiteratura dominicana.967 aSención, Viriato,d1941-epról.927776 aValidado. Control de calidad. MMOLINA 001054708MOaGRbGRcHDd2015-05-18iLF1l0oRD861.44 A185dp9690-30r2020-06-25te. 3w2020-06-25y4ZPréstamo en sala 001050718MOaPDbPDcHDd2009-10-01iLF1l0oRD861.44 A185dp9690-10r2020-06-25w2020-06-25y1ZNo se presta 001050718MOaPDbPDcHDd2009-10-01iLF1l0oRD861.44 A185dp9690-20r2020-06-25te. 2w2020-06-25y1ZNo se presta c9450d9450